000 00460nam a2200181Ia 4500
003 GCL
008 140319s9999 xx 000 0 eng d
040 _aGCL /
_cGCL
082 0 4 _a843
_bI M
100 1 _aIBSEN, HENRIK
245 1 0 _aUNE MAISON DE POUREE /
_cIBSEN, HENRIK
260 _a[S.N] :
_bLE LIVRE DE POCHE ،
_c1990
300 _a154 P
490 _aLE LIVRE DE POCHE
_v0
650 0 4 _aLITERATURE
650 0 4 _aFRENCH LITERATURE
942 _2ddc
_cBK
999 _c22376
_d22376